00992nam a2200277 a 450000100060000000300080000600500170001400800410003102000150007202000220008703500190010904000320012804100080016008200240016810000320019224501310022426000640035530000280041949000490044750400510049665000330054765000310058065000330061170000200064483000500066456591BD-RjUL20211209080420.0161201s1996 enk b 001 0 eng  a0521562171 a0521566738 (pbk.) a(BD-RjUL)56715 aDLCcDLCdDLCdBD-RjULbeng aeng00223a142.3bKAM 19961 aKant, Immanuel,d1724-1804.14aThe metaphysics of morals /cImmanual Kant ; translated and edited by Mary Gregor ; with an introduction by Roger J. Sullivan. aCambridge ;aNew York :bCambridge University Press,c1996. axxxvi, 241 p. ;c23 cm.1 aCambridge texts in the history of philosophy aIncludes bibliographical references and index. 0aEthicsvEarly works to 1800. 0aDutyvEarly works to 1800. 0aVirtuevEarly works to 1800.1 aGregor, Mary J. 0aCambridge texts in the history of philosophy.